[Event "Plzen, FSB A"]
[Site "?"]
[Date "2000.??.??"]
[Round "5"]
[White "Vreugdenhil, F."]
[Black "Trmota, Z."]
[Result "0-1"]
[WhiteElo "2145"]
[BlackElo "2240"]
[PlyCount "94"]
[EventDate "2000.??.??"]
[Source "ChessBase"]
[SourceDate "1996.11.15"]

1. d4 Nf6 2. c4 g6 3. Nc3 Bg7 4. e4 d6 5. f4 O-O 6. Be2 c5 7. d5 e6 8. Nf3 exd5
9. cxd5 Re8 10. e5 dxe5 11. fxe5 Ng4 12. Bg5 f6 13. exf6 Bxf6 14. Qd2 Bxg5 15.
Qxg5 Qxg5 16. Nxg5 Ne3 17. Kd2 Nxg2 18. d6 Nc6 19. Raf1 Ne5 20. h4 Bg4 21. Bb5
Rf8 22. Nd5 h6 23. Ne4 Kg7 24. Nxc5 Nf3+ 25. Kc3 Rac8 26. Kb4 a5+ 27. Kc4 Nd2+
28. Kd4 Nxf1 29. Rxf1 Rxf1 30. Bxf1 Nxh4 31. d7 Bxd7 32. Nxd7 Rc2 33. a4 Rxb2
34. Bb5 Rc2 35. Ke5 h5 36. Nf4 Nf3+ 37. Ke4 Ng5+ 38. Ke5 Nf7+ 39. Kd5 h4 40.
Nc5 g5 41. Nfe6+ Kh6 42. Nd4 Rf2 43. Bd7 Nd8 44. Nf5+ Kg6 45. Ne3 h3 46. Ne4
Rf3 47. Ng4 Rd3+ 0-1

[Event "Plzen, FSB A"]
[Site "?"]
[Date "2000.??.??"]
[Round "5"]
[White "Vanek, T."]
[Black "Spal, M."]
[Result "0-1"]
[WhiteElo "2030"]
[BlackElo "2235"]
[PlyCount "84"]
[EventDate "2000.??.??"]
[Source "ChessBase"]
[SourceDate "1996.11.15"]

1. d4 Nf6 2. Nf3 c5 3. e3 e6 4. Bd3 b6 5. Nbd2 Bb7 6. b3 Be7 7. Bb2 O-O 8. O-O
d6 9. c4 Nbd7 10. Rc1 Qc7 11. Qe2 Rfe8 12. e4 e5 13. d5 Bc8 14. Nh4 a6 15. h3
Bf8 16. Kh2 Qd8 17. g3 g6 18. Ng2 Bg7 19. Ba1 Nh5 20. Qe3 Qe7 21. f4 exf4 22.
gxf4 f5 23. Qf3 Bxa1 24. Rxa1 fxe4 25. Nxe4 Rf8 26. Rae1 Ne5 27. Qd1 Nxd3 28.
Qxd3 Bf5 29. Qf3 Qd7 30. Ng5 Rae8 31. Nh4 Ng7 32. Nxf5 Qxf5 33. Ne4 Qd7 34. Qg4
Nf5 35. Re2 Qg7 36. Rfe1 Kh8 37. Ng5 Rxe2+ 38. Qxe2 Qc3 39. Nf3 Kg7 40. Qe4 Rf7
41. Kg2 Re7 42. Qb1 Nh4+ 0-1

[Event "Plzen, FSB A"]
[Site "?"]
[Date "2000.??.??"]
[Round "5"]
[White "Palek, M."]
[Black "Skacel, J."]
[Result "1-0"]
[WhiteElo "2225"]
[BlackElo "2030"]
[PlyCount "86"]
[EventDate "2000.??.??"]
[Source "ChessBase"]
[SourceDate "1996.11.15"]

1. e4 c5 2. Nf3 Nc6 3. Bb5 g6 4. O-O Bg7 5. c3 Nf6 6. Re1 O-O 7. d4 cxd4 8.
cxd4 d5 9. e5 Ne8 10. h3 Bd7 11. Nc3 Nc7 12. Bf1 Rb8 13. Bf4 a6 14. Qd2 b5 15.
Rac1 b4 16. Na4 Ne6 17. Nc5 Rb6 18. Nxa6 Qa8 19. Nc5 Rd8 20. b3 Qa5 21. Rc2
Ncxd4 22. Nxd4 Nxc5 23. f3 Ne6 24. a4 Rbb8 25. Bg3 Rbc8 26. Rec1 Rxc2 27. Rxc2
Rc8 28. Nxe6 Bxe6 29. f4 Rxc2 30. Qxc2 d4 31. Bf2 g5 32. f5 Bd7 33. Bb5 Bxb5
34. Qc8+ Bf8 35. axb5 d3 36. Qd7 d2 37. Qxd2 Qxb5 38. Qxg5+ Kh8 39. e6 f6 40.
Qh5 Qc6 41. Qf7 Qc1+ 42. Kh2 Qf4+ 43. Bg3 Qh6 1-0

[Event "Plzen, FSB A"]
[Site "?"]
[Date "2000.??.??"]
[Round "5"]
[White "Dvorak, T."]
[Black "de Jong, J."]
[Result "1/2-1/2"]
[WhiteElo "2220"]
[BlackElo "2135"]
[PlyCount "82"]
[EventDate "2000.??.??"]
[Source "ChessBase"]
[SourceDate "1996.11.15"]

1. e4 Nf6 2. e5 Nd5 3. d4 d6 4. Nf3 Bg4 5. Be2 e6 6. h3 Bh5 7. c4 Nb6 8. exd6
cxd6 9. Nbd2 Be7 10. O-O O-O 11. b4 d5 12. c5 N6d7 13. Bb2 Nc6 14. b5 Na5 15.
Qa4 Bxf3 16. Nxf3 b6 17. Bc3 e5 18. c6 e4 19. Nd2 Nf6 20. Nb3 Nc4 21. Bxc4 dxc4
22. Qxc4 Nd5 23. Bd2 Kh8 24. Rae1 f5 25. f3 Bh4 26. Re2 Qd6 27. fxe4 fxe4 28.
Rxe4 Bg3 29. Rxf8+ Rxf8 30. Qe2 Nf6 31. Re6 Qd5 32. Bb4 Qf5 33. Nd2 Rg8 34. Nf1
Bf2+ 35. Kh1 Bxd4 36. Ng3 Qf4 37. Bd6 Qc1+ 38. Nf1 h6 39. Be5 Ne4 40. Rxh6+
Qxh6 41. Bxd4 Re8 1/2-1/2

[Event "Plzen, FSB A"]
[Site "?"]
[Date "2000.??.??"]
[Round "5"]
[White "Zeleny, T."]
[Black "Hrbolka sr., L."]
[Result "0-1"]
[WhiteElo "1785"]
[BlackElo "2205"]
[PlyCount "96"]
[EventDate "2000.??.??"]
[Source "ChessBase"]
[SourceDate "1996.11.15"]

1. e4 c5 2. d4 cxd4 3. c3 d3 4. Bxd3 d6 5. h3 Nc6 6. c4 Nf6 7. Nf3 g6 8. Nc3
Bg7 9. O-O O-O 10. Be3 b6 11. Rc1 Bb7 12. Qd2 Rc8 13. b3 Nh5 14. Bh6 Ne5 15.
Nxe5 dxe5 16. Bxg7 Kxg7 17. Qb2 Nf4 18. Bb1 e6 19. Ne2 Qf6 20. Nxf4 exf4 21.
Qxf6+ Kxf6 22. Rcd1 Rfd8 23. f3 Ke5 24. Rfe1 g5 25. Kf2 h5 26. Ke2 Bc6 27. Rxd8
Rxd8 28. Bd3 Rg8 29. Rh1 f6 30. a3 Kd4 31. Kd2 g4 32. hxg4 hxg4 33. Rh4 f5 34.
exf5 gxf3 35. gxf3 Rg2+ 36. Be2 exf5 37. b4 Bxf3 38. Rxf4+ Be4 39. Rh4 Rg3 40.
c5 bxc5 41. bxc5 Kxc5 42. a4 Ra3 43. Bb5 Kd4 44. Ke2 Ra2+ 45. Kf1 Ke5 46. Kg1
Ra1+ 47. Kh2 f4 48. Kh3 Bf3 0-1

[Event "Plzen, FSB A"]
[Site "?"]
[Date "2000.??.??"]
[Round "5"]
[White "Balin, J."]
[Black "Bartos, J."]
[Result "1-0"]
[WhiteElo "2070"]
[BlackElo "2175"]
[PlyCount "66"]
[EventDate "2000.??.??"]
[Source "ChessBase"]
[SourceDate "1996.11.15"]

1. d4 d5 2. c4 c6 3. cxd5 cxd5 4. Nf3 Nf6 5. Nc3 Nc6 6. Bf4 a6 7. e3 Bg4 8. Rc1
Qb6 9. Bd3 Qxb2 10. O-O e6 11. Na4 Bxf3 12. gxf3 Qa3 13. Nb6 Ra7 14. Bb8 Nxb8
15. Rc8+ Ke7 16. Rxb8 Nd7 17. Nxd7 Kxd7 18. Qc2 Ke7 19. Qc7+ Kf6 20. Qd8+ Be7
21. Qxh8 Qxd3 22. Rg8 Bf8 23. Rxf8 Qg6+ 24. Kh1 Qh5 25. h3 Qxf3+ 26. Kg1 Qh5
27. Rc1 Qg6+ 28. Kf1 Qd3+ 29. Ke1 Qa3 30. Rfc8 Qa5+ 31. Kf1 Qb5+ 32. Kg2 Qd3
33. Qd8+ Kg6 1-0

[Event "Plzen, FSB A"]
[Site "?"]
[Date "2000.??.??"]
[Round "5"]
[White "Houska, J."]
[Black "Kuklin, V."]
[Result "0-1"]
[WhiteElo "1840"]
[BlackElo "2170"]
[PlyCount "80"]
[EventDate "2000.??.??"]
[Source "ChessBase"]
[SourceDate "1996.11.15"]

1. e4 e6 2. d4 d5 3. Nc3 Nf6 4. Bg5 Bb4 5. e5 h6 6. Bd2 Bxc3 7. bxc3 Ne4 8. Bd3
Nxd2 9. Qxd2 c5 10. Nf3 Nc6 11. h4 Qb6 12. Rh3 Bd7 13. Rg3 cxd4 14. Qf4 Qb2 15.
Rd1 Qxc3+ 16. Kf1 O-O-O 17. Rxg7 Rhf8 18. Rxf7 Rxf7 19. Qxf7 Qc5 20. Re1 Nb4
21. Qf4 Nxa2 22. Qxh6 Nb4 23. Qg5 Bb5 24. Qd2 Rh8 25. g4 Kb8 26. Kg2 Nxd3 27.
cxd3 Qc3 28. Qg5 Bxd3 29. Qf6 Re8 30. Kh2 Be4 31. Rxe4 dxe4 32. Ng5 e3 33. Qf3
exf2 34. Qxf2 d3 35. Nf3 Rd8 36. Qd2 Qxd2+ 37. Nxd2 a5 38. h5 a4 39. h6 a3 40.
g5 a2 0-1

[Event "Plzen, FSB A"]
[Site "?"]
[Date "2000.??.??"]
[Round "5"]
[White "Mazakova, P."]
[Black "Brasser, P."]
[Result "1/2-1/2"]
[WhiteElo "2315"]
[BlackElo "1960"]
[PlyCount "76"]
[EventDate "2000.??.??"]
[Source "ChessBase"]
[SourceDate "1996.11.15"]

1. e4 c5 2. c3 Nf6 3. e5 Nd5 4. d4 cxd4 5. Nf3 e6 6. cxd4 Nc6 7. Bc4 Nb6 8. Bb3
d6 9. Bg5 Be7 10. Bxe7 Qxe7 11. O-O O-O 12. Nc3 Rd8 13. Qe2 dxe5 14. dxe5 Nd4
15. Nxd4 Rxd4 16. Rfd1 Rxd1+ 17. Rxd1 Bd7 18. Bc2 Bc6 19. Rd4 Qg5 20. f4 Qh4
21. Qd2 Qe7 22. h3 Rc8 23. Kh2 a6 24. Qd3 g6 25. Qd2 Qc7 26. Bb3 Kg7 27. h4 Qe7
28. Kh3 h5 29. a3 Na8 30. Bc2 b5 31. a4 Nb6 32. axb5 axb5 33. Bd3 Qc5 34. Bf1
Nc4 35. Bxc4 bxc4 36. Ne4 Bxe4 37. Rxe4 c3 38. bxc3 Qxc3+ 1/2-1/2

[Event "Plzen, FSB A"]
[Site "?"]
[Date "2000.??.??"]
[Round "5"]
[White "Kovar, V."]
[Black "Kulhanek, T."]
[Result "1/2-1/2"]
[WhiteElo "2105"]
[BlackElo "2350"]
[PlyCount "74"]
[EventDate "2000.??.??"]
[Source "ChessBase"]
[SourceDate "1996.11.15"]

1. e4 c5 2. Nf3 d6 3. Bb5+ Nc6 4. O-O Qb6 5. Nc3 Bg4 6. h3 Bh5 7. Nd5 Qa5 8. d3
a6 9. Bd2 Qd8 10. Bxc6+ bxc6 11. Nf4 Bxf3 12. Qxf3 e5 13. Ne2 Be7 14. Qg3 Bf6
15. f4 Qd7 16. c3 Ne7 17. Rad1 Ng6 18. f5 Nf8 19. Kh1 Qb7 20. Bc1 Nd7 21. Qf3
h6 22. Qh5 Qb5 23. c4 Qa5 24. Nc3 Qd8 25. g3 Bg5 26. Bxg5 Qxg5 27. Qxg5 hxg5
28. Kg2 Rb8 29. Rd2 Ke7 30. Rh1 Rh6 31. Kg1 Nf6 32. Rdh2 d5 33. exd5 cxd5 34.
cxd5 Rd8 35. Re2 g6 36. Kg2 Nxd5 37. Ne4 Rc8 1/2-1/2

[Event "Plzen, FSB A"]
[Site "?"]
[Date "2000.??.??"]
[Round "5"]
[White "Hlavnicka, J."]
[Black "Stehlik, J."]
[Result "1-0"]
[WhiteElo "2305"]
[BlackElo "2105"]
[PlyCount "99"]
[EventDate "2000.??.??"]
[Source "ChessBase"]
[SourceDate "1996.11.15"]

1. Nf3 Nf6 2. c4 e6 3. g3 b6 4. Bg2 Bb7 5. O-O Be7 6. d4 O-O 7. Nc3 d5 8. cxd5
Nxd5 9. Nxd5 exd5 10. Bf4 Nd7 11. Qb3 Nf6 12. Rfc1 Bd6 13. Ne5 Qe7 14. Bf3 c5
15. Qd1 Ne4 16. Nd3 Bxf4 17. Nxf4 c4 18. a4 g5 19. Ng2 f5 20. e3 Rac8 21. h4 h6
22. Bxe4 dxe4 23. a5 b5 24. a6 Bd5 25. Ra5 Rb8 26. b3 Rfd8 27. bxc4 bxc4 28.
Rc5 Qf7 29. Qa4 Rb6 30. Qa5 Qd7 31. Ra1 Qd6 32. Qa4 Rdb8 33. Rc1 Be6 34. Qd1
Rxa6 35. hxg5 hxg5 36. Qh5 Qe7 37. g4 Bf7 38. Qh2 Rab6 39. Ne1 Rb1 40. Kg2 f4
41. Rxb1 f3+ 42. Kf1 Rxb1 43. Qh6 Qxc5 44. dxc5 c3 45. Qxg5+ Kh7 46. Qf5+ Bg6
47. Qd7+ Kh6 48. Qa4 Be8 49. c6 Rc1 50. Qa3 1-0

[Event "Plzen, FSB A"]
[Site "?"]
[Date "2000.??.??"]
[Round "5"]
[White "Krejcik, J."]
[Black "Korenova, M."]
[Result "1/2-1/2"]
[WhiteElo "2080"]
[BlackElo "2265"]
[PlyCount "95"]
[EventDate "2000.??.??"]
[Source "ChessBase"]
[SourceDate "1996.11.15"]

1. f4 b6 2. Nf3 Bb7 3. e3 e6 4. Be2 Nc6 5. O-O d5 6. d4 f6 7. b3 Nh6 8. c4 Qd7
9. Nc3 O-O-O 10. a3 Nf5 11. Qc2 dxc4 12. Bxc4 Nce7 13. Nb5 c6 14. e4 Nd6 15.
Nxd6+ Qxd6 16. Be3 h6 17. Rad1 Qd7 18. Nh4 Kb8 19. f5 exf5 20. Nxf5 Nxf5 21.
Rxf5 Be7 22. a4 Bb4 23. Bf4+ Ka8 24. e5 fxe5 25. Bxe5 Rhf8 26. Rdf1 Rxf5 27.
Qxf5 Qxf5 28. Rxf5 Rf8 29. g4 Bc8 30. Rf7 Rxf7 31. Bxf7 Bxg4 32. Bxg7 Bc3 33.
Be5 Kb7 34. Kf2 c5 35. Bd5+ Ka6 36. Ke3 Ka5 37. Kf4 Bd1 38. dxc5 Bd2+ 39. Ke4
bxc5 40. Kd3 Bg5 41. Bc3+ Kb6 42. a5+ Kb5 43. Bc4+ Kc6 44. Be5 Bh5 45. Bb8 Kb7
46. Bd6 Bg6+ 47. Kc3 Bf6+ 48. Kd2 1/2-1/2

[Event "Plzen, FSB A"]
[Site "?"]
[Date "2000.??.??"]
[Round "5"]
[White "Balin, K."]
[Black "Kozak, M."]
[Result "0-1"]
[WhiteElo "2065"]
[BlackElo "2245"]
[PlyCount "62"]
[EventDate "2000.??.??"]
[Source "ChessBase"]
[SourceDate "1996.11.15"]

1. d4 d5 2. c4 c6 3. cxd5 cxd5 4. Nf3 Nf6 5. Nc3 Nc6 6. Bf4 Bg4 7. Ne5 Qb6 8.
Nxg4 Nxg4 9. Nxd5 Qa5+ 10. Nc3 e5 11. e3 Bb4 12. Rc1 Qxa2 13. Bb5 Bxc3+ 14.
Rxc3 Qxb2 15. O-O Qxc3 16. Bg5 Nf6 17. d5 Rd8 18. Qf3 e4 19. Qf5 O-O 20. dxc6
bxc6 21. Be2 Rd2 22. Ba6 Rfd8 23. Bxf6 Qxf6 24. Qxe4 g6 25. g4 Ra2 26. Bc4 Ra1
27. Kg2 Rxf1 28. Bxf1 Rd2 29. Qf3 Qxf3+ 30. Kxf3 a5 31. Bc4 a4 0-1

[Event "Plzen, FSB A"]
[Site "?"]
[Date "2000.??.??"]
[Round "5"]
[White "Novak, P."]
[Black "Ziabari, M."]
[Result "1-0"]
[WhiteElo "2235"]
[BlackElo "2070"]
[PlyCount "91"]
[EventDate "2000.??.??"]
[Source "ChessBase"]
[SourceDate "1996.11.15"]

1. e4 b6 2. d4 Bb7 3. f3 e6 4. Be3 Nf6 5. Bd3 Nc6 6. c3 h6 7. Ne2 Qe7 8. Nd2 d5
9. e5 Nd7 10. Qa4 a6 11. Qc2 O-O-O 12. b4 f6 13. f4 g5 14. exf6 Qxf6 15. Rf1 g4
16. O-O-O Bd6 17. Nb3 h5 18. Kb2 h4 19. Qd2 Rdg8 20. Nec1 h3 21. g3 Qe7 22. a4
Ncb8 23. Qf2 Rf8 24. Qg1 Nf6 25. Be2 Rhg8 26. Nd3 Ne4 27. Ra1 Nd7 28. Ne5 Ndf6
29. Rfc1 Kb8 30. Qd1 Qg7 31. Nd2 Nxd2 32. Bxd2 c5 33. a5 cxd4 34. axb6 Bxe5 35.
fxe5 dxc3+ 36. Bxc3 Nd7 37. Bd4 Qe7 38. Qa4 Qg5 39. Qxd7 Qd2+ 40. Kb3 Qxe2 41.
Rc7 Rf3+ 42. Bc3 Rxc3+ 43. Rxc3 d4 44. Rc7 Bd5+ 45. Ka4 Qf3 46. Rc8+ 1-0

[Event "Plzen, FSB A"]
[Site "?"]
[Date "2000.??.??"]
[Round "5"]
[White "Blecha, M."]
[Black "Ptacek, M."]
[Result "1-0"]
[WhiteElo "2205"]
[BlackElo "2035"]
[PlyCount "117"]
[EventDate "2000.??.??"]
[Source "ChessBase"]
[SourceDate "1996.11.15"]

1. e4 c5 2. Nf3 Nc6 3. d4 cxd4 4. Nxd4 Nf6 5. Nc3 d6 6. Bc4 e6 7. Be3 Be7 8. f3
a6 9. Bb3 Qc7 10. Qd2 Nxd4 11. Bxd4 b5 12. O-O-O Bb7 13. g4 e5 14. Be3 Bc6 15.
g5 b4 16. Na4 Nd7 17. Qxb4 d5 18. Qd2 d4 19. Bf2 Rb8 20. c3 O-O 21. Qc2 Rfc8
22. Rhg1 Bxa4 23. Bxa4 Nb6 24. Rd3 Nxa4 25. Qxa4 Qb7 26. Qc2 dxc3 27. b3 Ba3+
28. Kb1 Qc7 29. Rgd1 Rd8 30. Be1 Rxd3 31. Rxd3 Rd8 32. h4 Bb4 33. Rxd8+ Qxd8
34. Bxc3 Bxc3 35. Qxc3 Qd1+ 36. Qc1 Qd3+ 37. Qc2 Qf1+ 38. Kb2 g6 39. Qc8+ Kg7
40. Qc3 Qe2+ 41. Ka3 Kf8 42. Qxe5 Qxf3 43. Qd6+ Kg7 44. e5 Qc3 45. Qxa6 Qxe5
46. b4 Qg3+ 47. Ka4 Qxh4 48. Qf6+ Kg8 49. Qd8+ Kg7 50. Ka5 h5 51. b5 Qe1+ 52.
Ka6 h4 53. Qf6+ Kg8 54. Qc6 h3 55. Qc8+ Kg7 56. Qxh3 Qd2 57. a4 Qxg5 58. Qc3+
Kh6 59. Qh8# 1-0

[Event "Plzen, FSB A"]
[Site "?"]
[Date "2000.??.??"]
[Round "5"]
[White "Juptner, J."]
[Black "Warnk, T."]
[Result "1-0"]
[WhiteElo "2170"]
[BlackElo "2025"]
[PlyCount "63"]
[EventDate "2000.??.??"]
[Source "ChessBase"]
[SourceDate "1996.11.15"]

1. d4 d5 2. c4 c6 3. Nf3 g6 4. Nc3 Bg7 5. cxd5 cxd5 6. Bf4 a6 7. e3 Nf6 8. Bd3
O-O 9. h3 Nc6 10. Rc1 Bd7 11. O-O Rc8 12. a3 Qb6 13. b4 Na7 14. Qb3 e6 15. a4
Rfe8 16. b5 Nc6 17. Ne5 Nxe5 18. Bxe5 Nh5 19. Bh2 Bf8 20. Rb1 a5 21. Rfc1 Ng7
22. Be5 Nf5 23. Bxf5 gxf5 24. Ne2 Bd6 25. Bf6 Bb4 26. e4 Rxc1+ 27. Rxc1 Rc8 28.
Qg3+ Kf8 29. Rxc8+ Bxc8 30. Qb8 Be7 31. Qxc8+ Bd8 32. Bxd8 1-0

[Event "Plzen, FSB A"]
[Site "?"]
[Date "2000.??.??"]
[Round "5"]
[White "Pliva, V."]
[Black "Kupka, F."]
[Result "1/2-1/2"]
[WhiteElo "2170"]
[BlackElo "2005"]
[PlyCount "27"]
[EventDate "2000.??.??"]
[Source "ChessBase"]
[SourceDate "1996.11.15"]

1. Nf3 Nf6 2. d4 g6 3. c4 Bg7 4. Nc3 O-O 5. g3 d6 6. Bg2 c6 7. O-O Qa5 8. d5 a6
9. a3 c5 10. Bd2 Qc7 11. Qc2 e6 12. a4 exd5 13. cxd5 b6 14. e4 1/2-1/2

[Event "Plzen, FSB A"]
[Site "?"]
[Date "2000.??.??"]
[Round "5"]
[White "Rerabkova, L."]
[Black "Steppuhn, T."]
[Result "1/2-1/2"]
[WhiteElo "2015"]
[BlackElo "2160"]
[PlyCount "28"]
[EventDate "2000.??.??"]
[Source "ChessBase"]
[SourceDate "1996.11.15"]

1. e4 e6 2. d4 b6 3. Nf3 Bb7 4. Bd3 Nf6 5. Qe2 c5 6. c3 cxd4 7. cxd4 Nc6 8. Nc3
Nb4 9. Bb1 Be7 10. a3 Nc6 11. e5 Nd5 12. Nxd5 exd5 13. O-O Na5 14. Ba2 Qc8
1/2-1/2

[Event "Plzen, FSB A"]
[Site "?"]
[Date "2000.??.??"]
[Round "5"]
[White "Kreiser, U."]
[Black "Petrzela, P."]
[Result "0-1"]
[WhiteElo "2155"]
[BlackElo "2015"]
[PlyCount "112"]
[EventDate "2000.??.??"]
[Source "ChessBase"]
[SourceDate "1996.11.15"]

1. d4 Nf6 2. Nf3 g6 3. g3 Bg7 4. Bg2 d6 5. O-O O-O 6. c4 Nbd7 7. Qc2 e5 8. dxe5
dxe5 9. Rd1 Re8 10. e4 c6 11. h3 Qc7 12. Be3 b6 13. Nc3 Bb7 14. c5 Bf8 15. cxb6
axb6 16. Nd2 Rac8 17. Nb3 Ba6 18. Rac1 c5 19. Nd5 Nxd5 20. exd5 Qd6 21. Nd2 f5
22. Nc4 Bxc4 23. Qxc4 Rcd8 24. Bf1 Kh8 25. a4 Qf6 26. Qc3 Bd6 27. Bb5 Kg7 28.
Qe1 Re7 29. Bxd7 Rdxd7 30. a5 f4 31. Bd2 b5 32. Qe4 fxg3 33. fxg3 Qf5 34. Qh4
Rf7 35. Bh6+ Kg8 36. Rf1 Qd3 37. Rcd1 Rxf1+ 38. Rxf1 Qd4+ 39. Qxd4 exd4 40. a6
Be7 41. Ra1 Ra7 42. Bf4 d3 43. Kf1 c4 44. Be3 Ra8 45. Bd4 Bb4 46. a7 Rf8+ 47.
Kg2 Ra8 48. Be5 Kf7 49. Kf3 Ke7 50. Bb8 Bd6 51. Bxd6+ Kxd6 52. Ke4 d2 53. Rd1
Rxa7 54. Rxd2 Re7+ 55. Kf3 Re5 56. g4 Rxd5 0-1

[Event "Plzen, FSB A"]
[Site "?"]
[Date "2000.??.??"]
[Round "5"]
[White "Houska, B."]
[Black "Ungr, D."]
[Result "1/2-1/2"]
[WhiteElo "1960"]
[BlackElo "2155"]
[PlyCount "63"]
[EventDate "2000.??.??"]
[Source "ChessBase"]
[SourceDate "1996.11.15"]

1. Nf3 Nf6 2. g3 g6 3. Bg2 Bg7 4. O-O O-O 5. c4 d5 6. cxd5 Nxd5 7. Nc3 Nc6 8.
d4 Nb6 9. e3 a5 10. b3 a4 11. Nxa4 Nxa4 12. bxa4 Ra5 13. Bd2 Rh5 14. Rb1 Qd6
15. Rb5 e5 16. dxe5 Qe6 17. Nd4 Nxd4 18. exd4 b6 19. Qb3 Ba6 20. Qxe6 fxe6 21.
g4 Rh6 22. Bxh6 Bxh6 23. Rd1 Bxb5 24. axb5 Bf4 25. Bc6 Rd8 26. h4 Bxe5 27. d5
exd5 28. Rxd5 Rxd5 29. Bxd5+ Kg7 30. Kg2 h6 31. Kf3 g5 32. h5 1/2-1/2

[Event "Plzen, FSB A"]
[Site "?"]
[Date "2000.??.??"]
[Round "5"]
[White "Galicek, S."]
[Black "Chrz, P."]
[Result "1/2-1/2"]
[WhiteElo "1940"]
[BlackElo "2155"]
[PlyCount "71"]
[EventDate "2000.??.??"]
[Source "ChessBase"]
[SourceDate "1996.11.15"]

1. d4 d5 2. c4 e6 3. Nc3 c5 4. cxd5 cxd4 5. Qxd4 Nc6 6. Qd1 exd5 7. Qxd5 Be6 8.
Qxd8+ Rxd8 9. e3 Nb4 10. Bb5+ Ke7 11. Kf1 g5 12. e4 h6 13. Nf3 Nc2 14. Rb1 Bg7
15. Ba4 Bc4+ 16. Kg1 Nb4 17. Be3 Nd3 18. h3 b6 19. Bb5 Nxb2 20. e5 Bxb5 21.
Nxb5 Nc4 22. Nxa7 Ra8 23. Nd4 Bxe5 24. Ndc6+ Kf6 25. Bxb6 Ne7 26. Nxe5 Nxb6 27.
Rxb6+ Kxe5 28. Rb7 Nd5 29. Rxf7 Rhf8 30. Rh7 Ke4 31. f3+ Kf4 32. Kh2 Rf6 33.
Re1 Ne3 34. Re7 Nc2 35. R1e2 Ra6 36. Rf7+ 1/2-1/2

[Event "Plzen, FSB A"]
[Site "?"]
[Date "2000.??.??"]
[Round "5"]
[White "Strnad, J."]
[Black "Birkenmaier, R."]
[Result "1/2-1/2"]
[WhiteElo "1920"]
[BlackElo "2150"]
[PlyCount "56"]
[EventDate "2000.??.??"]
[Source "ChessBase"]
[SourceDate "1996.11.15"]

1. Nf3 d5 2. d4 Nf6 3. g3 b6 4. Bg2 Bb7 5. O-O e6 6. Bg5 Be7 7. Nbd2 O-O 8. Re1
Nbd7 9. c4 Ne4 10. Bxe7 Qxe7 11. Rc1 c5 12. e3 Nxd2 13. Nxd2 cxd4 14. exd4 Nf6
15. b3 dxc4 16. Bxb7 Qxb7 17. bxc4 Rfd8 18. Nb3 Rac8 19. Qe2 a5 20. Red1 a4 21.
Na1 h6 22. Nc2 Qe4 23. Qxe4 Nxe4 24. Ne3 Nf6 25. Rb1 Rd6 26. Rd3 Nd7 27. Rbd1
Kf8 28. f4 Rd8 1/2-1/2

[Event "Plzen, FSB A"]
[Site "?"]
[Date "2000.??.??"]
[Round "5"]
[White "Haller, M."]
[Black "Schauer, J."]
[Result "0-1"]
[WhiteElo "1910"]
[BlackElo "2140"]
[PlyCount "48"]
[EventDate "2000.??.??"]
[Source "ChessBase"]
[SourceDate "1996.11.15"]

1. Nf3 Nf6 2. g3 d5 3. Bg2 h6 4. c4 c6 5. cxd5 cxd5 6. d4 Bf5 7. Nc3 e6 8. Bf4
Nc6 9. O-O Bd6 10. Bxd6 Qxd6 11. Qa4 O-O 12. a3 a6 13. b4 Rfc8 14. Rfc1 Ne4 15.
e3 Nxd4 16. Nxe4 Ne2+ 17. Kh1 Bxe4 18. Rxc8+ Rxc8 19. Ne1 Nc3 20. Qb3 Bxg2+ 21.
Kxg2 Ne4 22. Nd3 Rc3 23. Qd1 d4 24. Nf4 dxe3 0-1

[Event "Plzen, FSB A"]
[Site "?"]
[Date "2000.??.??"]
[Round "5"]
[White "Weiss, O."]
[Black "Bujak, M."]
[Result "1/2-1/2"]
[WhiteElo "2140"]
[BlackElo "1990"]
[PlyCount "37"]
[EventDate "2000.??.??"]
[Source "ChessBase"]
[SourceDate "1996.11.15"]

1. d4 Nf6 2. Nf3 c5 3. e3 e6 4. Bd3 Nc6 5. c3 d5 6. Nbd2 Qc7 7. O-O b6 8. e4
cxd4 9. cxd4 dxe4 10. Nxe4 Be7 11. Bg5 Bb7 12. Rc1 Qd7 13. Qa4 Rc8 14. Bxf6
gxf6 15. d5 Qxd5 16. Rfd1 Qa5 17. Qb3 O-O 18. Bb1 Ne5 19. Qe3 1/2-1/2

[Event "Plzen, FSB A"]
[Site "?"]
[Date "2000.??.??"]
[Round "5"]
[White "Reitinger, P."]
[Black "Hofman, M."]
[Result "1/2-1/2"]
[WhiteElo "2120"]
[BlackElo "1900"]
[PlyCount "62"]
[EventDate "2000.??.??"]
[Source "ChessBase"]
[SourceDate "1996.11.15"]

1. e4 e6 2. d4 d5 3. e5 c5 4. c3 Nc6 5. Nf3 Qb6 6. a3 c4 7. g3 f6 8. exf6 Nxf6
9. Bh3 Ne4 10. O-O Be7 11. Qe2 Bf6 12. Nbd2 Nxd2 13. Bxd2 Kf7 14. Ng5+ Bxg5 15.
Qh5+ g6 16. Qxg5 Qd8 17. Qh6 Qf6 18. Qh4 h6 19. Rae1 Qe7 20. Qg4 Qf6 21. Qe2
Bd7 22. f4 h5 23. Be3 Ne7 24. Bf2 Nf5 25. Qe5 Rac8 26. Bg2 Qxe5 27. dxe5 b6 28.
h3 Bc6 29. Bh1 Rh7 30. g4 hxg4 31. hxg4 Rxh1+ 1/2-1/2

[Event "Plzen, FSB A"]
[Site "?"]
[Date "2000.??.??"]
[Round "5"]
[White "Gutdeutsch, O."]
[Black "Sedlacek, J."]
[Result "0-1"]
[WhiteElo "2115"]
[BlackElo "1865"]
[PlyCount "98"]
[EventDate "2000.??.??"]
[Source "ChessBase"]
[SourceDate "1996.11.15"]

1. e4 d5 2. exd5 Nf6 3. Nc3 Nxd5 4. Nxd5 Qxd5 5. d4 Nc6 6. c3 g6 7. Be2 Bg7 8.
Bf3 Qd6 9. Be3 O-O 10. Ne2 e5 11. dxe5 Qxd1+ 12. Rxd1 Nxe5 13. Bd5 Bf5 14. O-O
Rad8 15. Rd2 c6 16. Bb3 Rxd2 17. Bxd2 Bd3 18. Re1 Bc4 19. Nd4 Bxb3 20. Nxb3 Bf6
21. Nc5 Rd8 22. Ne4 Bh4 23. Re2 f5 24. Nc5 Nc4 25. Be1 b6 26. Nb3 Rd1 27. Kf1
Bg5 28. g3 f4 29. Kg2 fxg3 30. hxg3 Nxb2 31. f4 Bf6 32. Rxb2 Rxe1 33. Rc2 Re3
34. c4 Rc3 35. Rxc3 Bxc3 36. Kf3 Kf7 37. Ke4 h5 38. Nc1 Ke6 39. Ne2 Bf6 40. Ng1
b5 41. cxb5 cxb5 42. Nf3 b4 43. Nd2 Bc3 44. Nf3 a5 45. Kd3 Bf6 46. Kc4 Kf5 47.
Kb5 Bd8 48. Ka4 Ke4 49. Kb5 Kxf3 0-1

[Event "Plzen, FSB A"]
[Site "?"]
[Date "2000.??.??"]
[Round "5"]
[White "Straka, Z."]
[Black "Hejberg, C."]
[Result "1-0"]
[WhiteElo "1890"]
[BlackElo "2115"]
[PlyCount "57"]
[EventDate "2000.??.??"]
[Source "ChessBase"]
[SourceDate "1996.11.15"]

1. d4 Nf6 2. Nf3 g6 3. Bf4 Bg7 4. Nc3 O-O 5. e4 d6 6. Qd2 c6 7. O-O-O b5 8. Bd3
Qa5 9. Kb1 b4 10. Ne2 Ba6 11. Ng3 c5 12. e5 Nd5 13. Ne2 c4 14. Be4 c3 15. Qe1
cxb2 16. Bxd5 Qxd5 17. Kxb2 Bc4 18. Nc1 Nd7 19. h4 Qa5 20. Nb3 Qa3+ 21. Kb1 Nb6
22. Bc1 Qa4 23. h5 Nd5 24. Bb2 Rac8 25. hxg6 hxg6 26. Ng5 Nc3+ 27. Bxc3 bxc3
28. Rh8+ Bxh8 29. Qh1 1-0

[Event "Plzen, FSB A"]
[Site "?"]
[Date "2000.??.??"]
[Round "5"]
[White "Svoboda, J."]
[Black "Svub, J."]
[Result "0-1"]
[WhiteElo "1820"]
[BlackElo "2110"]
[PlyCount "38"]
[EventDate "2000.??.??"]
[Source "ChessBase"]
[SourceDate "1996.11.15"]

1. e4 c5 2. Nc3 d6 3. f4 Nc6 4. Nf3 g6 5. g3 Bg7 6. Bg2 e5 7. d3 Nge7 8. O-O
O-O 9. Ne2 h6 10. fxe5 dxe5 11. Be3 b6 12. Qd2 Kh7 13. h4 Bg4 14. Nh2 Be6 15.
Bf3 Qd7 16. Rf2 Rad8 17. g4 c4 18. Rd1 cxd3 19. Qxd3 Qc7 0-1

[Event "Plzen, FSB A"]
[Site "?"]
[Date "2000.??.??"]
[Round "5"]
[White "Laznicka, V."]
[Black "Pecka, F."]
[Result "1/2-1/2"]
[WhiteElo "1800"]
[BlackElo "2225"]
[PlyCount "64"]
[EventDate "2000.??.??"]
[Source "ChessBase"]
[SourceDate "1996.11.15"]

1. e4 e5 2. Nc3 Nc6 3. Bc4 Bc5 4. Qg4 g6 5. Qg3 d6 6. Nge2 Be6 7. Nd5 Nb4 8.
Bb3 Nxd5 9. exd5 Bd7 10. O-O Nf6 11. c3 Nh5 12. Qf3 O-O 13. d4 exd4 14. Nxd4
Bxd4 15. cxd4 Rc8 16. Qd3 Bf5 17. Qb5 Qd7 18. Qxd7 Bxd7 19. Be3 Ng7 20. f3 Rfe8
21. Rfe1 f5 22. Rac1 Re7 23. Kf2 Be8 24. Bf4 Rxe1 25. Kxe1 Bd7 26. Kf2 Kf7 27.
h3 Nh5 28. Bg5 Nf6 29. g4 fxg4 30. hxg4 h5 31. gxh5 Nxh5 32. Rh1 Rh8 1/2-1/2